000
00328nam a2200133Ia 4500
005
20251222152639.0
008
251222s9999||||xx |||||||||||||| ||spa||
082
_a
801/M63
100
_a
Miralles, Juan
245
0
_a
HernĂ¡n Cortes
250
_a
1ra .ed
264
_b
Biblioteca ABC portagonistas de la historia
942
_c
LIB
999
_c
28024
_d
28024